00424nam a2200157Ia 4500008004100000020001800041082001700059100002400076245002000100250000700120260003300127300002600160500002100186600003300207650002600240240925s9999 xx 000 0 und d a9789693512281 a954.9143 RAH aRehman, Shafiq -ur- 0aInsani Tamaasha aNA aLahore:bSang-e-Meelc,2012. avi, 81p.b0fOriginal aIncludes Content aHumanities & Natural Science aHistory and Geography